000
00257 a2200097 4500
001
21048
090
_c
15060
_d
15060
100
_a
Rainville, E D
245
_a
Unified calculus and analytic geometry
_b
termite affected withdrawn from shelves
260
_b
Macmillan
_c
1967
942
_a
NUST-CAE
999
_c
256121
_d
256121